'C' General Knowledge Quiz - Statistics

General Stats
  • This quiz has been taken 811 times
  • The average score is 19 of 30
Answer Stats
Hint Answer % Correct
Fastest Land Animal, can reach speeds of up to 100 km/h Cheetah
97%
Most populous country in the world China
96%
Surname of Cuban Leaders Raul and Fidel Castro
92%
Fairytale and Disney Movie in which a girl loses her glass slipper Cinderella
89%
Alcoholic beverage made of apples Cider
88%
British PM during WWII Winston Churchill
87%
The Cities of Split and Dubrovnik are located in this country Croatia
77%
The study and practice of making maps Cartography
76%
Primary Greenhouse Gas in the atmosphere Carbon Dioxide
75%
Roman Dictator who was stabbed on the Ides of March Julius Caesar
75%
Unit of measuring temperature, named after a Swedish astronomer Celsius
74%
Director of famous movies as Titanic and Avatar James Cameron
74%
Region in Central America that includes Haiti, Cuba, and the Bahamas Caribbean
70%
Scottish actor who played James Bond 7 times Sean Connery
70%
Bodily System consisting of the Heart and Blood Vessels Cardiovascular System
69%
Hindu System that seperates people into 5 different groups by birth Caste System
69%
Icy space object, the most famous of which is Hale-Bopp Comet
69%
Element of the Periodic Table with symbol Cu Copper
67%
American fashion house famous for its underwear Calvin Klein
66%
French Island in the Mediterranean Corsica
59%
Historical City that was located in what is now Tunisia, rival of Rome Carthage
54%
Country colonized by Belgium in 1908 Congo
53%
American actor who played in e.g. National Treasure Nicolas Cage
52%
Sport practiced by Bradley Wiggins and Alberto Contador Cycling
44%
Spanish conquistador that caused the fall of the Aztecs Cortes
41%
Mathematical study of change, developed by Isaac Newton Calculus
35%
American singer nicknamed the Goddess of Pop Cher
31%
Roman Goddess of Agriculture, and the name of a dwarf planet Ceres
30%
Part of the body in which you would find the Zygomatic bone Cheek
23%
Largest lake in Oregon Crater Lake
13%
No matching quizzes found
Score Distribution
Percent of People with Each Score
Percentile by Number Answered
Your Score History
You have not taken this quiz